Visualizzazione normale
Vista MARC
- Adriano Ossicini
di Personal Name
Records bibliografici associati: 1
001 - CONTROL NUMBER
- control field: 35227
003 - CONTROL NUMBER IDENTIFIER
- control field: IT-RoPau
005 - DATE AND TIME OF LATEST TRANSACTION
- control field: 20150706223826.0
008 - FIXED-LENGTH DATA ELEMENTS
- fixed length control field: 150706|| aca||aabn | a|a d
040 ## - CATALOGING SOURCE
- Original cataloging agency: IT-RoPau
- Transcribing agency: IT-RoPau
100 ## - HEADING--PERSONAL NAME
- Personal name: Adriano Ossicini
670 ## - SOURCE DATA FOUND
- Source citation: Work cat.: (IT-RoPau)24218: Adriano Ossicini, Problemi di psicologia dell’età evolutiva.